00345nam a2200133 a 4500008004100000020001500041050001500056100002200071245001800093250001200111260004500123300003400168350000900202120416s0000 ||||||||||||||||| || u a0521055156 aQA 911 Lam aLamb, Horace, Sir10aHydrodynamics a6th ed. aLondonbCambridge University Pressc1975 axv, 738 pages : illustrations a0.00